000 00506nam a2200181Ia 4500
005 20250326124041.0
008 250326s9999 xx 000 0 und d
037 _aTextbook
040 _aFMSL
_beng
_cFMSL
041 _aeng
_2eng
084 _aX.44 L8;8
_qFMSL
100 _aChaudhuri P
_9281089
245 0 _aIndian economy: poverty and development
_cChaudhuri P
260 _aNew Delhi
_bNew Delhi, Vikas
_c1978
300 _a279p
942 _cTB
_hX.44 L8;8
999 _c1272057
_d1272057